| 000 | 00685nam a2200217 a 4500 | ||
|---|---|---|---|
| 003 | PILC | ||
| 005 | 20160218141253.0 | ||
| 008 | 070906s19uu xx 00 eng d | ||
| 020 | _a0525949380 | ||
| 050 |
_aCB 161 _b.C355 2006 |
||
| 100 | _aCanton, James. | ||
| 245 |
_aThe extreme future : _bthe top trends that will reshape the world in the next 20 years / _cJames Canton. |
||
| 260 |
_aNew York, U.S.A : _bPlume Book, _c2006. |
||
| 300 |
_a371 pages : _c23 cm. _billustrations ; |
||
| 500 | _aIncludes index. | ||
| 650 |
_aTwenty-first century _xForecasts. |
||
| 650 |
_aSocial change _xForecasting. |
||
| 650 | _aSocial prediction. | ||
| 942 |
_cBK _2lcc _kFOR |
||
| 999 |
_c39493 _d39493 |
||